| 000 | 00725nam a2200253Ia 4500 | ||
|---|---|---|---|
| 003 | OSt | ||
| 005 | 20220928120716.0 | ||
| 006 | a|||||r|||| 00| 0 | ||
| 007 | ta | ||
| 008 | 220927b |||||||| |||| 00| 0 eng d | ||
| 020 | _c5539.2290000000003 | ||
| 024 | _a116110 | ||
| 037 |
_b5216, 19/07/2012, New India Book Agency _cTextual |
||
| 040 |
_aSDCL _cSDCL _beng |
||
| 041 |
_2eng _aeng |
||
| 082 | _aLX3, Q2 | ||
| 100 |
_aPalmer Michael _9450696 |
||
| 245 | 0 | _aBiochemical pharmacology. | |
| 260 |
_aHoboken _bJohn WIley _c2012 |
||
| 300 |
_axii,416p _ccm. |
||
| 650 | _aBiophysics | ||
| 942 |
_hLX3, Q2 _cTEXL _2CC |
||
| 999 |
_c764857 _d764857 |
||